| 000 | 01584nam a22003137a 4500 | ||
|---|---|---|---|
| 005 | 20260226124915.0 | ||
| 008 | 231214s2022 ck ao||fr|||| 001 0 spa d | ||
| 020 | _a9789585000445 | ||
| 040 |
_cSandra Yazo _dSandra Yazo |
||
| 041 | 0 | _aspa | |
| 082 |
_220 _a595.77 |
||
| 092 | _aE63N138 | ||
| 245 | 1 | 0 |
_aLibélulas _bHijas del agua, hadas del aire _cPatricia Londoño Vega |
| 260 |
_aBogotá (Colombia) _bUniversidad del Rosario _c2022 |
||
| 300 |
_a188 páginas _bilustraciones, fotos _c28 x 24 cm. |
||
| 500 | _aDetalles físicos: Encuadernación rígida, en cartón forrado.Tapas impresas en varias tintas.Guardas con ilustraciones. Anteportada. Portada impresa. Texto impreso en una y dos columnas. Ilustraciones entre el texto y fuera del texto. Incluye referencias bibliográficas. | ||
| 504 | _aIncluye referencias bibliográficas e índices y glosario | ||
| 505 | 0 | _aLas libélulas, sobrevivientes del periodo Carbonífero ; Biología de la libélulas ; Cortejo y copula ; Diversidad de libélulas ; Diversidad de libélulas ; Ecología y conservación ; Representaciones de las libélulas en la cultura | |
| 506 | _aConsulta en sala | ||
| 650 | 7 |
_aOdonata _xClasificación _9179698 |
|
| 650 | 7 |
_aLibélulas _xHábitos y conducta _9179699 |
|
| 650 | 7 |
_aLibélulas _xCiclos vitales (Biología) _9179700 |
|
| 650 | 7 |
_aConducta animal _911517 |
|
| 690 |
_aCiencias naturales _910813 |
||
| 700 | 1 |
_aLondoño Vega, Patricia _934173 |
|
| 700 | 1 |
_aSánchez Herrara, Melissa _9179701 |
|
| 700 | 1 |
_aLeon Vargas, Karim _980789 |
|
| 942 |
_2LOCAL _cLIBRO _e1 _hE63N158 |
||
| 999 |
_c323715 _d323715 |
||